000 00734nam a2200217 i 4500
001 bg
100 1 _aPRZYTULSKI, Andrzej
245 1 0 _aZbiór zadań z podstaw elektrotechniki dla studentów studiów zaocznych /
_cAndrzej Przytulski.
_nCz. 1.
260 _aOpole :
_bWSI,
_c1995.
300 _a153 s. :
_brys., wykr. ;
_c24 cm.
490 1 _aSkrypt Uczelniany / Wyższa Szkoła Inżynierska w Opolu,
_x0860-9004 ;
_vnr 177
504 _aBibliogr. s. 153.
650 9 _aElektrotechnika
655 _aĆwiczenia i zadania
830 0 _aSkrypt Uczelniany (Wyższa Szkoła Inżynierska w Opolu) ;
_vnr 177
040 _cBPK
041 0 _apol
080 _a621.3(075.8)
942 _cKS
008 s pl f |000 0 pol
999 _c24505
_d24505
856 _uhttp://koha.tu.koszalin.pl/cgi-bin/koha/opac-detail.pl?biblionumber=24505
_yKatalog online BPK